000 00653nam a22002177a 4500
003 UA-OsUOA
001 132594
007 ta
008 20180828b un ||||| |||| 00| 0 ukr d
100 _aКозюк В. В.
090 _a330(477)
_bК59
942 _cSA
040 _aUA-OsUOA
_bukr
_cUA-OsUOA
_dUA-OsUOA
245 _aМонетарна автономія та цінова стабільність у сировинних економіках
300 _aС.7-27
955 _a0
041 _aukr
080 _a330(477)
773 0 _w132593
_tФінанси України
_dК.
_d2018
_g7
650 7 _a330 Економіка взагалі
_2UDC
999 _c420916
_d420916